Fr. Conceicao Rodrigues College of Engineering

English through reading (Record no. 34216)

MARC details
000 -LEADER
fixed length control field 00355nam a2200169Ia 4500
082 ## - DEWEY DECIMAL CLASSIFICATION NUMBER
Classification number 428
100 ## - MAIN ENTRY--PERSONAL NAME
Personal name Bhasker/W/W./ Prabhu/N/S.
245 ## - TITLE STATEMENT
Title English through reading
260 ## - PUBLICATION, DISTRIBUTION, ETC.
Name of publisher, distributor, etc. Macmillan India Ltd.
Place of publication, distribution, etc. Delhi
Date of publication, distribution, etc. 1980
300 ## - PHYSICAL DESCRIPTION
Extent 89
490 ## - SERIES STATEMENT
Volume/sequential designation 1
546 ## - LANGUAGE NOTE
Language note ENGLISH
650 ## - SUBJECT ADDED ENTRY--TOPICAL TERM
Topical term or geographic name entry element English
654 ## - SUBJECT ADDED ENTRY--FACETED TOPICAL TERMS
Focus term English.
942 ## - ADDED ENTRY ELEMENTS (KOHA)
Koha item type BOOK
Holdings
Withdrawn status Lost status Damaged status Not for loan Collection Home library Current library Shelving location Date acquired Cost, normal purchase price Total Checkouts Full call number Barcode Date last seen Cost, replacement price Price effective from Koha item type
        CRC Fr. Agnel's C.Rodrigues College of Engineering Fr. Agnel's C.Rodrigues College of Engineering   17/03/2023 7.70   428 629 17/03/2023 7.70 17/03/2023 BOOK
        CRC Fr. Agnel's C.Rodrigues College of Engineering Fr. Agnel's C.Rodrigues College of Engineering   17/03/2023 8.80   428 BHA/PRA 630 17/03/2023 8.80 17/03/2023 BOOK